00398nam a2200133 a 450000500170000000800410001705000170005810000190007524500120009426000370010644000060014399900190014995200960016820140414131917.0101020s19uu xx 00 eng d aERbM99 2001 aLeask, Jeffrey aMy pet. bScholastic ,c2001.aNew York : a  c111558d111558 001040aMUbMUcERd2010-10-20l0oER M99 2001pM2342r2014-04-14 00:00:00w2014-04-14yBK